书目信息 |
| 题名: |
Access 2010数据库基础与应用教程
|
|
| 作者: | 陈薇薇 , 冯莹莹 , 巫张英 编著 | |
| 分册: | ||
| 出版信息: | 北京 人民邮电出版社 2017.08 |
|
| 页数: | 318页 | |
| 开本: | 26cm | |
| 丛书名: | ||
| 单 册: | ||
| 中图分类: | TP311.138AC , TP311.138 | |
| 科图分类: | ||
| 主题词: | 关系数据库系统--高等学校--教材 | |
| 电子资源: | ||
| ISBN: | 978-7-115-46283-1 | |
| 000 | 01174nam0 2200301 450 | |
| 001 | 4738 | |
| 005 | 20181015085921.37 | |
| 010 | @a978-7-115-46283-1@dCNY49.80 | |
| 100 | @a20180217d2017 em y0chiy50 ea | |
| 101 | 0 | @achi |
| 102 | @aCN@b110000 | |
| 105 | @ay z 000yy | |
| 200 | 1 | @aAccess 2010数据库基础与应用教程@9Access 2010 shu ju ku ji chu yu ying yong jiao cheng@dApplication tutorials on Access 2010@f陈薇薇,冯莹莹,巫张英编著@zeng |
| 205 | @a2版 | |
| 210 | @a北京@c人民邮电出版社@d2017.08 | |
| 215 | @a318页@d26cm | |
| 300 | @a普通高等学校计算机教育“十三五”规划教材 | |
| 330 | @a本书全面介绍了使用Access 2010数据库管理系统创建数据库、创建数据库的各种对象(包括表、查询、窗体、报表、宏和模块)、VBA编程、DAO编程和ADO编程的方法。各章后面均配置了相应的习题和上机实验题。 | |
| 510 | 1 | @aApplication tutorials on Access 2010@zeng |
| 606 | 0 | @a关系数据库系统@x高等学校@j教材 |
| 610 | 0 | @aAccess |
| 690 | @aTP311.138AC@v5 | |
| 690 | @aTP311.138@v4 | |
| 701 | 0 | @a陈薇薇@9chen wei wei@4编著 |
| 701 | 0 | @a冯莹莹@9feng ying ying@4编著 |
| 701 | 0 | @a巫张英@9wu zhang ying@4编著 |
| 801 | 0 | @aCN@b91MARC@c20180217 |
| 905 | @aMuseLib@dTP311.138@e1307=2 | |
| Access 2010数据库基础与应用教程=Application tutorials on Access 2010/陈薇薇,冯莹莹,巫张英编著.-2版.-北京:人民邮电出版社,2017.08 |
| 318页;26cm |
| 普通高等学校计算机教育“十三五”规划教材 |
| ISBN 978-7-115-46283-1:CNY49.80 |
| 本书全面介绍了使用Access 2010数据库管理系统创建数据库、创建数据库的各种对象(包括表、查询、窗体、报表、宏和模块)、VBA编程、DAO编程和ADO编程的方法。各章后面均配置了相应的习题和上机实验题。 |
| ● |
| 相关链接 |
|
|
|
|
正题名:Access 2010数据库基础与应用教程
索取号:TP311.138/1307=2
 
预约/预借
| 序号 | 登录号 | 条形码 | 馆藏地/架位号 | 状态 | 备注 |
| 1 | 1126394 | 211263942 | 第二样本阅览室/ [索取号:TP311.138/1307=2] | 在馆 | |
| 2 | 1126395 | 211263951 | 第三借阅区/ [索取号:TP311.138/1307=2] | 在馆 | |
| 3 | 1126396 | 211263960 | 第三借阅区/ [索取号:TP311.138/1307=2] | 在馆 | |
| 4 | 1126397 | 211263979 | 第三借阅区/ [索取号:TP311.138/1307=2] | 在馆 | |
| 5 | 1126398 | 211263988 | 第三借阅区/ [索取号:TP311.138/1307=2] | 在馆 |